| 000 | 00576nam a2200205Ia 4500 | ||
|---|---|---|---|
| 005 | 20250508162945.0 | ||
| 008 | 008 250505s9999 xx 000 0 hin d | ||
| 020 | _a81-7457-053-5 | ||
| 037 | _aTextual | ||
| 040 |
_aFEDL _beng _cFEDL |
||
| 041 |
_ahin _2hin |
||
| 084 |
_a370.1544, TIW _qFEDL |
||
| 100 |
_aTiwari Subodh Narayan _9774511 |
||
| 245 | 0 | _aShikshan avam adhigum ka manovigyan | |
| 260 |
_aAgra, India _bVinod Pustak Mandir _c1995 |
||
| 300 | _a489p. | ||
| 650 | _aEducation | ||
| 942 |
_cTEXL _h370.1544, TIW |
||
| 999 |
_c1379627 _d1379627 |
||